000
00295nam a22001337a 4500
008
180919b xxu||||| |||| 00| 0 eng d
020
_a
9781455733606
041
_a
eng
080
_a
610
100
_a
5
101
_a
ANE
245
_a
Anesthesiology Clinics
_c
Fleisher.l.A
942
_2
udc
_c
BK
999
_c
47977
_d
47977